000 03791cam a2200421Ia 4500
001 11496725
003 USPCAS-E
005 20180118181413.0
006 m o d
007 cr cn|||||||||
008 111205s2012 enk o 001 0 eng d
020 _a9780123859365
020 _a0123859360
020 _a9780123859372
020 _a0123859379
024 8 _a9786613347886
035 _a(OCoLC)ocn767518886
035 _a(OCoLC)767518886
035 _a(NNC)11496725
040 _aOPELS
_beng
_epn
_cOPELS
_dCDX
_dCOO
_dE7B
_dTEF
_dCUS
_dDEBSZ
_dOCLCQ
_dVLB
_dZCU
_dOCLCQ
050 4 _aTK1541
_b.T46 2012eb
082 0 4 _a621.312136
_223
_bTHO-O 2012
100 1 _aThomsen, Kurt E.
245 1 0 _aOffshore wind
_h[electronic resource] :
_ba comprehensive guide to successful offshore wind farm installation.
260 _aOxford :
_bElsevier,
_c©2012.
300 _a1 online resource (xxi, 324 pages)
500 _aIncludes index.
502 _a0
505 0 _a1. What Is an Offshore Wind Farm? -- 2. Obtaining Permits for Wind Farms -- 3. Project Planning -- 4. The Basic Organization -- 5. Project Preparation -- 6. Project Execution -- 7. Interface Management -- 8. Health, Safety, and Environmental Management -- 9. Work Vessel Coordination -- 10. Logistics Solutions -- 11. Commonly Used Installation Methods -- 12. Vessels and Transport to the Offshore Installations -- 13. Basic Information about Ports -- 14. Project Criteria -- 15. Transporting Wind Turbines -- 16. Deployment Strategies -- 17. Repairing Offshore Wind Farms -- 18. Environmental and Other Issues.
520 _aOffshore wind is the new blue horizon for Alternative Energy. One small offshore wind farm can produce more power than a whole coal plant, or a nuclear reactor. However, very few people have real experience getting an offshore wind farm up and running. This book is the first-ever roadmap to successful offshore wind installation. It provides a ready reference for wind project managers, teaching them how to deal with complications on-site, as well as for financers, who can utilize the text as an easy guide to asking the pivotal questions of petitioning wind project developers, whose planning stages will be improved by the book's expert advice on how to avoid wasting money by scoping out and mitigating potential problems up-front. Wind turbine manufacturers will benefit from insights into design optimization to support cheaper installation and hauling, thereby incurring lower project costs, and helping developers establish a quicker route to profitability. The book sheds light not just on HOW to solve a particul installation difficulty, but delves into WHY the problem may best be solved in that way. Readers will learn not just how to build successful offshore wind farms, but how to do so in the most safe and economical way possible. Enables all stakeholders to achieve cheaper, faster and safer offshore wind project realization Explains the different approaches to executing on- and offshore projects, highlighting the economic impacts of the various financial and operational choices Provides practical, proven advice on how tough challenges can be overcome, using real-life examples from the author's experiences to illustrate key issues.
650 0 _aOffshore wind power plants.
655 4 _aElectronic books.
776 0 8 _iPrint version:
_aThomsen, Kurt E.
_tOffshore wind.
_dWaltham. MA : Elsevier/Academic Press, ©2012
_z9780123859365
_w(DLC) 2012359362
_w(OCoLC)731925454
856 4 0 _uhttp://www.columbia.edu/cgi-bin/cul/resolve?clio11496725.001
_zACADEMIC - Sustainable Energy & Development
856 4 0 _uhttp://www.columbia.edu/cgi-bin/cul/resolve?clio11496725.002
_zACADEMIC - Electrical & Power Engineering
942 _2ddc
_cBK
999 _c355782
_d355782